Estudio sobre empresas pb︢licas

Detalles Bibliográficos
Autor principal: Garcia Rubio, Fernando
Formato: eBook
Lenguaje:español
Publicado: Madrid : Dykinson, 2011
Materias:
Acceso en línea:Acceso restringido

MARC

LEADER 00000nam a22000007a 4500
005 20120423113346.0
007 cr|||| ||||
008 120423s2011 sp |||||s|||| 00||0 spa d
020 |a 978-84-15454-91-5 
035 |a 6317 
040 |a vLex 
090 |c 3129  |d 3129 
100 1 |a Garcia Rubio, Fernando 
245 1 0 |a Estudio sobre empresas pb︢licas  |h [Recurso electrn̤ico] /  |c Fernando Garcia Rubio 
256 |a Servicio en ln̕ea 
260 |a Madrid :  |b Dykinson,  |c 2011 
300 |a 1 recurso electrn̤ico 
506 1 |a Contenido solo disponible en los productos indicados  |d vLex Global   |d vLex Global (Academic Edition, excluding Law Schools)   |d vLex Global (U.S. Academic Edition, Law Schools)   |d vLex Global (U.S. Academic Edition, excluding Law Schools)   |d vLex Global (Academic Edition, Law Schools)  
650 0 4 |a Empresas pb︢licas 
740 0 |a vLex Libros (Servicio en ln̕ea) 
856 4 0 |u http://vlex.com/source/estudio-empresas-publicas-6317  |z Acceso restringido 
942 |c BOOK 
999 0 |a Government business enterprises